[Event "XXVI Festival Conca della Presolana A"]
[Site "Bratto - Castione della Presolana ITA"]
[Date "2006.08.23"]
[Round "5"]
[White "Buratti, Marco"]
[Black "Cugini, Verter"]
[Result "0-1"]
[WhiteElo "2018"]
[BlackElo "2209"]
[PlyCount "142"]
[EventDate "2006.08.19"]

1. e4 e6 2. Nc3 d5 3. Nf3 Nf6 4. e5 Ne4 5. Ne2 f6 6. d3 Ng5 7. Nxg5 fxg5 8. Ng3
Be7 9. d4 c5 10. c3 cxd4 11. cxd4 Nc6 12. Bd3 Qb6 13. Be3 Qb4+ 14. Qd2 O-O 15.
Rc1 Bd7 16. O-O Qxd2 17. Bxd2 Rac8 18. Ne2 g6 19. a3 Kg7 20. h3 h6 21. b4 a6
22. Rc2 Bd8 23. Rfc1 Bb6 24. Be3 Rf7 25. g3 Rcf8 26. Kg2 Ne7 27. Nc3 Nf5 28.
Bxf5 gxf5 29. f4 gxf4 30. gxf4 Rg8 31. Kf3 Kf8 32. Rg2 Rxg2 33. Kxg2 Bd8 34.
Kf3 Be7 35. Ne2 Bc6 36. Rg1 Rg7 37. Rxg7 Kxg7 38. Bf2 Bb5 39. Nc3 Bf1 40. Kg3
a5 41. bxa5 Bxa3 42. Na4 Kf7 43. Be1 Ke7 44. Kh4 Kd7 45. Kh5 Bxh3 46. Kxh6 Bg4
47. Kg6 Bd1 48. Nb6+ Ke7 49. Bh4+ Ke8 50. Kf6 Be7+ 51. Kxe6 Bxh4 52. Kxf5 Bf2
53. Nxd5 Bxd4 54. Ke4 Bb2 55. Nb4 Ba3 56. a6 bxa6 57. Nxa6 Kd7 58. Kd4 Kc6 59.
f5 Bg4 60. Ke4 Kb7 61. e6 Kxa6 62. Kf4 Bd1 63. f6 Kb7 64. Kg5 Kc7 65. Kg6 Kd8
66. Kg7 Bb2 67. e7+ Ke8 68. Kg6 Bc2+ 69. Kg7 Bc3 70. Kg8 Bb3+ 71. Kg7 Bf7 0-1

[Event "XXVI Festival Conca della Presolana A"]
[Site "Bratto - Castione della Presolana ITA"]
[Date "2006.08.23"]
[Round "5"]
[White "Campomori, Bruno"]
[Black "Ceccarini, Marco"]
[Result "0-1"]
[WhiteElo "2025"]
[BlackElo "2140"]
[PlyCount "68"]
[EventDate "2006.08.19"]

1. e4 e6 2. d4 d5 3. Nd2 Nf6 4. e5 Nfd7 5. Bd3 c5 6. c3 b6 7. Ne2 Ba6 8. Bc2
Nc6 9. Nf3 cxd4 10. cxd4 Nb4 11. Bb1 Bxe2 12. Qxe2 Rc8 13. O-O Be7 14. a3 Nc6
15. Qd3 Na5 16. b3 g6 17. Bd2 O-O 18. Qe3 Re8 19. g3 f6 20. exf6 Bxf6 21. Ne5
Nxe5 22. dxe5 Be7 23. Bxa5 Bc5 24. Qh6 Bf8 25. Qd2 bxa5 26. Bd3 Qb6 27. Rab1
Bxa3 28. h4 Qd4 29. Rbd1 Qxe5 30. Rfe1 Qf6 31. Re2 Bb4 32. Qa2 Bc5 33. Qa4 Rf8
34. Rf1 Qf3 0-1

[Event "XXVI Festival Conca della Presolana A"]
[Site "Bratto - Castione della Presolana ITA"]
[Date "2006.08.23"]
[Round "5"]
[White "Capece, Adolivio"]
[Black "Napoli, Nicolo'"]
[Result "0-1"]
[WhiteElo "2041"]
[BlackElo "2216"]
[PlyCount "60"]
[EventDate "2006.08.19"]

1. e4 g6 2. d4 Bg7 3. Nf3 d6 4. Be3 a6 5. Qd2 b5 6. a4 bxa4 7. Rxa4 Nf6 8. Nc3
O-O 9. Bh6 Bd7 10. Bxg7 Kxg7 11. Ra3 Bg4 12. Be2 Nc6 13. O-O Qb8 14. Rb3 Qa7
15. Ra1 Bxf3 16. Bxf3 Nxd4 17. Rba3 Nxf3+ 18. gxf3 Qb7 19. b3 e5 20. Qd3 Nd7
21. Qd5 Qc8 22. Qc6 Nc5 23. b4 Ne6 24. Ne2 Rb8 25. Qc4 Qd8 26. Rxa6 Qg5+ 27.
Kf1 Qh5 28. R6a3 Qxh2 29. Ke1 h5 30. Rb3 Qh1+ 0-1

[Event "XXVI Festival Conca della Presolana A"]
[Site "Bratto - Castione della Presolana ITA"]
[Date "2006.08.23"]
[Round "5"]
[White "Casagrande, Fabio"]
[Black "Mazzariol, Oscar"]
[Result "0-1"]
[WhiteElo "2040"]
[BlackElo "2066"]
[PlyCount "58"]
[EventDate "2006.08.19"]

1. e4 c5 2. c3 g6 3. d4 cxd4 4. cxd4 d5 5. e5 Nc6 6. Be3 Nh6 7. Nf3 Bg4 8. Be2
Nf5 9. Nc3 e6 10. O-O Be7 11. h3 Bxf3 12. Bxf3 h5 13. Rc1 Bg5 14. Qd2 Bxe3 15.
fxe3 Qg5 16. Bxd5 exd5 17. Nxd5 O-O 18. Rf4 Rad8 19. Nf6+ Kg7 20. Qf2 Ncxd4 21.
exd4 Rxd4 22. Rf1 Rfd8 23. Ne4 Qe7 24. g4 hxg4 25. hxg4 Qxe5 26. Qg2 Nd6 27.
Qf2 Rxe4 28. Rxe4 Nxe4 29. Qxf7+ Kh6 0-1

[Event "XXVI Festival Conca della Presolana A"]
[Site "Bratto - Castione della Presolana ITA"]
[Date "2006.08.23"]
[Round "5"]
[White "Castaldo, Folco"]
[Black "Groszpeter, Attila"]
[Result "0-1"]
[WhiteElo "2336"]
[BlackElo "2511"]
[PlyCount "52"]
[EventDate "2006.08.19"]

1. e4 c5 2. Nf3 d6 3. d4 cxd4 4. Nxd4 Nf6 5. Nc3 a6 6. Bg5 e6 7. f4 Qc7 8. Bxf6
gxf6 9. Qd2 Nc6 10. O-O-O Bd7 11. Bc4 Nxd4 12. Qxd4 Qc5 13. Qd3 b5 14. Bb3 b4
15. Nb1 Bb5 16. Qh3 a5 17. a4 bxa3 18. Nxa3 a4 19. Ba2 Rb8 20. f5 Ba6 21. c3 h5
22. Rd4 Bh6+ 23. Kc2 e5 24. Qxh5 Rh7 25. Qg4 exd4 26. Qg8+ Bf8 0-1

[Event "XXVI Festival Conca della Presolana A"]
[Site "Bratto - Castione della Presolana ITA"]
[Date "2006.08.23"]
[Round "5"]
[White "Cecchetto, Vanni"]
[Black "Vinzoni, Andrea"]
[Result "1/2-1/2"]
[WhiteElo "2006"]
[BlackElo "2116"]
[PlyCount "55"]
[EventDate "2006.08.19"]

1. Nf3 d5 2. d4 Nf6 3. c4 e6 4. Nc3 Be7 5. Bg5 O-O 6. e3 Nbd7 7. Rc1 c6 8. Bd3
dxc4 9. Bxc4 Nd5 10. Bxe7 Qxe7 11. O-O Nxc3 12. Rxc3 e5 13. Bb3 exd4 14. exd4
Nf6 15. Re1 Qd6 16. Ne5 Be6 17. Bxe6 fxe6 18. Qb3 Rab8 19. Rg3 Qd5 20. Qe3 Rbd8
21. Qg5 Ne8 22. Nf3 Qxg5 23. Nxg5 Nc7 24. Nxe6 Nxe6 25. Rxe6 Rxd4 26. h3 Rd1+
27. Kh2 Rd7 28. Re2 1/2-1/2

[Event "XXVI Festival Conca della Presolana A"]
[Site "Bratto - Castione della Presolana ITA"]
[Date "2006.08.23"]
[Round "5"]
[White "Costantini, Roberto"]
[Black "Rosin, Federico"]
[Result "1-0"]
[WhiteElo "2293"]
[BlackElo "2135"]
[PlyCount "63"]
[EventDate "2006.08.19"]

1. e4 c5 2. Nf3 Nc6 3. Nc3 e5 4. Bc4 Be7 5. d3 Nf6 6. Nd2 O-O 7. Nf1 d6 8. Ne3
Be6 9. Ncd5 Rb8 10. a3 b5 11. Ba2 a5 12. O-O b4 13. f4 exf4 14. Rxf4 Ne5 15.
Nxe7+ Qxe7 16. Nf5 Qd7 17. Rf1 Bxa2 18. Rxa2 Qe6 19. Ra1 d5 20. Bg5 Ned7 21. e5
Qxe5 22. Bf4 Qxb2 23. Bxb8 Rxb8 24. axb4 Qxb4 25. Ne7+ Kf8 26. Nc6 Qb6 27. Nxb8
Nxb8 28. Qb1 Qa7 29. Qb5 c4+ 30. Kh1 Nbd7 31. Rxa5 Qe3 32. Qb4+ 1-0

[Event "XXVI Festival Conca della Presolana A"]
[Site "Bratto - Castione della Presolana ITA"]
[Date "2006.08.23"]
[Round "5"]
[White "De Nardi, Riccardo"]
[Black "Astengo, Marcello"]
[Result "1/2-1/2"]
[WhiteElo "1973"]
[BlackElo "2109"]
[PlyCount "50"]
[EventDate "2006.08.19"]

1. e4 c6 2. d4 d5 3. Nc3 dxe4 4. Nxe4 Nf6 5. Nxf6+ exf6 6. Bc4 Bd6 7. Nf3 O-O
8. O-O Bg4 9. h3 Bh5 10. Re1 Nd7 11. Be3 Nb6 12. Bb3 Qd7 13. c4 Bb4 14. Rf1
Rad8 15. a3 Ba5 16. Bc2 Nc8 17. Qd3 Bg6 18. Qe2 Rfe8 19. Bxg6 hxg6 20. Qc2 Nd6
21. Bf4 Bc7 22. Rfe1 Nf5 23. Rxe8+ Rxe8 24. Bxc7 Qxc7 25. Rd1 Rd8 1/2-1/2

[Event "XXVI Festival Conca della Presolana A"]
[Site "Bratto - Castione della Presolana ITA"]
[Date "2006.08.23"]
[Round "5"]
[White "Dervishi, Erald"]
[Black "Vancini, Edoardo"]
[Result "1-0"]
[WhiteElo "2531"]
[BlackElo "2250"]
[PlyCount "83"]
[EventDate "2006.08.19"]

1. e4 c5 2. Nf3 e6 3. d4 cxd4 4. Nxd4 Nc6 5. Nb5 d6 6. c4 Nf6 7. N1c3 a6 8. Na3
Be7 9. Be2 O-O 10. O-O b6 11. Bf4 Bb7 12. Qd2 Rc8 13. Rfd1 Ne5 14. f3 Qc7 15.
Rac1 Rfd8 16. Kh1 Qb8 17. Bf1 Bf8 18. Be3 Ba8 19. Qf2 Ned7 20. Nc2 Re8 21. Qd2
Bb7 22. Bg1 Ne5 23. b3 Be7 24. Ne3 h5 25. Qd4 Ned7 26. h3 Ba8 27. Bh2 e5 28.
Qd2 g6 29. b4 Nf8 30. Bg1 Ne6 31. Ncd5 Nxd5 32. cxd5 Rxc1 33. Rxc1 Nc7 34. Nc4
b5 35. Na5 f5 36. Qh6 Kf7 37. exf5 Rg8 38. fxg6+ Rxg6 39. Qxh5 Kg7 40. Bd3 Rg5
41. Qh7+ Kf6 42. Be3 1-0

[Event "XXVI Festival Conca della Presolana A"]
[Site "Bratto - Castione della Presolana ITA"]
[Date "2006.08.23"]
[Round "5"]
[White "Di Donato, Giovanni"]
[Black "You Zi Chih, Stefano"]
[Result "0-1"]
[WhiteElo "1951"]
[BlackElo "2038"]
[PlyCount "80"]
[EventDate "2006.08.19"]

1. e4 Nf6 2. e5 Nd5 3. d4 d6 4. Bc4 c6 5. Qf3 Be6 6. Ne2 g6 7. Nbc3 dxe5 8. Bd2
Bg7 9. dxe5 O-O 10. O-O-O Nd7 11. Bf4 Nxf4 12. Qxf4 Bxc4 13. Qxc4 Bxe5 14. Rd3
Qc7 15. h4 Rad8 16. h5 g5 17. g3 h6 18. f4 Bf6 19. Ne4 Nb6 20. Qb3 Rxd3 21.
Qxd3 Qd7 22. Qf3 Qd5 23. Nxf6+ exf6 24. Qxd5 Nxd5 25. Rd1 Re8 26. Kd2 Kg7 27.
b3 f5 28. c4 Nf6 29. fxg5 hxg5 30. h6+ Kxh6 31. Rh1+ Kg6 32. Kd3 c5 33. Rg1
Rd8+ 34. Ke3 Ng4+ 35. Kf3 Rd3+ 36. Kg2 Rd2 37. Kf3 Ne5+ 38. Ke3 Rxa2 39. Rd1
Ra3 40. Rd6+ f6 0-1

[Event "XXVI Festival Conca della Presolana A"]
[Site "Bratto - Castione della Presolana ITA"]
[Date "2006.08.23"]
[Round "5"]
[White "Epishin, Vladimir V."]
[Black "Mogranzini, Roberto"]
[Result "1/2-1/2"]
[WhiteElo "2555"]
[BlackElo "2352"]
[PlyCount "81"]
[EventDate "2006.08.19"]

1. d4 Nf6 2. c4 g6 3. Nc3 d5 4. Nf3 Bg7 5. e3 O-O 6. Bd2 b6 7. cxd5 Nxd5 8. Bc4
Bb7 9. O-O Nxc3 10. Bxc3 Nd7 11. Qe2 c5 12. d5 Bxc3 13. bxc3 Qc7 14. e4 Rad8
15. Rad1 Nf6 16. Rfe1 Kg7 17. h3 h6 18. Rd3 e5 19. dxe6 fxe6 20. Re3 Nh5 21. g3
e5 22. Qb2 Bc8 23. Bf1 Nf6 24. Nd2 Be6 25. Nc4 Bxc4 26. Bxc4 Qc8 27. Kh2 Nh7
28. Bf1 Ng5 29. Bg2 Ne6 30. h4 Rf6 31. Rf3 Rxf3 32. Bxf3 h5 33. Rd1 Rxd1 34.
Bxd1 Qd7 35. Be2 g5 36. Bxh5 gxh4 37. Bg4 hxg3+ 38. fxg3 Qd6 39. Qc1 b5 40. Kg2
a5 41. Kf2 1/2-1/2

[Event "XXVI Festival Conca della Presolana A"]
[Site "Bratto - Castione della Presolana ITA"]
[Date "2006.08.23"]
[Round "5"]
[White "Ferretti, Folco"]
[Black "Crippa, Gabriele"]
[Result "1/2-1/2"]
[WhiteElo "2254"]
[BlackElo "2078"]
[PlyCount "58"]
[EventDate "2006.08.19"]

1. Nf3 d6 2. e4 Nd7 3. d4 Ngf6 4. Nc3 e5 5. Bc4 Be7 6. O-O O-O 7. a4 a5 8. Re1
c6 9. h3 h6 10. Ba2 Re8 11. dxe5 dxe5 12. Be3 Bb4 13. Qd3 Qe7 14. Nh4 Nc5 15.
Bxc5 Bxc5 16. Ne2 Nh5 17. Qf3 Nf4 18. Nxf4 exf4 19. Ng6 Qf6 20. Nxf4 Bd6 21.
Nd3 Qxf3 22. gxf3 Bxh3 23. e5 Be7 24. Re2 Bf5 25. Rae1 Rad8 26. Nc5 b6 27. e6
fxe6 28. Nxe6 Bxe6 29. Rxe6 Kf8 1/2-1/2

[Event "XXVI Festival Conca della Presolana A"]
[Site "Bratto - Castione della Presolana ITA"]
[Date "2006.08.23"]
[Round "5"]
[White "Fontana, Enrico"]
[Black "Pesce, Gabriele"]
[Result "1-0"]
[WhiteElo "2122"]
[BlackElo "2006"]
[PlyCount "49"]
[EventDate "2006.08.19"]

1. d4 Nf6 2. Nc3 g6 3. e4 d6 4. Bg5 c6 5. Qd2 Bg7 6. f3 Nbd7 7. O-O-O Qa5 8.
Kb1 O-O 9. Nd5 Qd8 10. Nxf6+ Nxf6 11. Bh6 Qc7 12. h4 e5 13. Ne2 d5 14. Bxg7
Kxg7 15. exd5 Nxd5 16. h5 Re8 17. hxg6 fxg6 18. Nc3 Nf6 19. Qh6+ Kg8 20. Bc4+
Be6 21. dxe5 Qxe5 22. Rhe1 Qxe1 23. Rxe1 Bxc4 24. Rh1 Re7 25. Qh4 1-0

[Event "XXVI Festival Conca della Presolana A"]
[Site "Bratto - Castione della Presolana ITA"]
[Date "2006.08.23"]
[Round "5"]
[White "Forato, Enrico"]
[Black "Magrini, Fabrizio"]
[Result "1/2-1/2"]
[WhiteElo "1949"]
[BlackElo "2119"]
[PlyCount "40"]
[EventDate "2006.08.19"]

1. e4 c5 2. Nf3 Nc6 3. d4 cxd4 4. Nxd4 Nf6 5. Nc3 e5 6. Ndb5 d6 7. Bg5 a6 8.
Na3 b5 9. Bxf6 gxf6 10. Nd5 f5 11. Bxb5 axb5 12. Nxb5 Ra4 13. c4 Rxc4 14. O-O
Nd4 15. Qd3 Nxb5 16. Qxc4 Bd7 17. a4 Nd4 18. Nc7+ Ke7 19. Nd5+ Ke8 20. Nc7+ Ke7
1/2-1/2

[Event "XXVI Festival Conca della Presolana A"]
[Site "Bratto - Castione della Presolana ITA"]
[Date "2006.08.23"]
[Round "5"]
[White "Frilli, Guido"]
[Black "Lovati, Paolo"]
[Result "1-0"]
[WhiteElo "2154"]
[BlackElo "2069"]
[PlyCount "141"]
[EventDate "2006.08.19"]

1. e4 e6 2. d4 d5 3. Nd2 c5 4. exd5 Qxd5 5. dxc5 Bxc5 6. Ngf3 Nf6 7. Bc4 Qc6 8.
O-O O-O 9. Qe2 a6 10. Nb3 Bd6 11. Bd3 h6 12. Nbd2 Nbd7 13. c4 b6 14. Ne4 Be7
15. Nxf6+ Nxf6 16. Ne5 Qe8 17. b3 Bb7 18. Bb2 Nd7 19. Nxd7 Qxd7 20. Qg4 Bg5 21.
Rad1 Qe7 22. Bd4 b5 23. cxb5 axb5 24. Bxb5 Qb4 25. Qe2 Bd5 26. Bd3 f5 27. Bb1
Rfd8 28. Qb2 Rd7 29. Be5 Rad8 30. f3 h5 31. Kh1 h4 32. h3 Bc6 33. Qc2 Qb5 34.
Bc3 Bd5 35. Ba1 Bf6 36. Bxf6 gxf6 37. Qc3 Kf7 38. Qd3 Qb7 39. Qe3 Qb8 40. Rde1
Rg8 41. Rf2 Qb4 42. Rd2 Qd6 43. Bd3 f4 44. Qe2 Qc6 45. Be4 Rg5 46. Rc2 Qd6 47.
Bxd5 Qxd5 48. Rec1 Qd4 49. Rc6 Re5 50. Qc2 f5 51. Rc7 Rxc7 52. Qxc7+ Kg6 53.
Qc2 Rd5 54. Re1 Re5 55. Rd1 Qe3 56. b4 Qa3 57. Rb1 Re3 58. b5 Rc3 59. Qd2 Rd3
60. Qf2 Qd6 61. Qc2 Rd2 62. Qb3 Qb6 63. a4 Qf2 64. Qxe6+ Kg5 65. Qe7+ Kh5 66.
Qf7+ Kg5 67. Qg7+ Kh5 68. Qh7+ Kg5 69. Qg8+ Kf6 70. b6 Rb2 71. Qh8+ 1-0

[Event "XXVI Festival Conca della Presolana A"]
[Site "Bratto - Castione della Presolana ITA"]
[Date "2006.08.23"]
[Round "5"]
[White "Gangemi, Salvatore"]
[Black "Rorato, Renzo"]
[Result "1-0"]
[WhiteElo "2077"]
[BlackElo "2149"]
[PlyCount "42"]
[EventDate "2006.08.19"]

1. c4 e5 2. Nc3 d6 3. g3 f5 4. Bg2 Nf6 5. d3 Be7 6. e3 O-O 7. Nge2 Qe8 8. O-O
c6 9. d4 e4 10. Qb3 Kh8 11. Bd2 Na6 12. f3 exf3 13. Bxf3 Nc7 14. Rae1 Qf7 15.
e4 fxe4 16. Bxe4 Bh3 17. Rf2 d5 18. Bh1 c5 19. Nxd5 Ncxd5 20. Bxd5 Qe8 21. Nf4
Nxd5 1-0

[Event "XXVI Festival Conca della Presolana A"]
[Site "Bratto - Castione della Presolana ITA"]
[Date "2006.08.23"]
[Round "5"]
[White "Gasperoni, Stefano"]
[Black "Piantoni, Roberto"]
[Result "1/2-1/2"]
[WhiteElo "2009"]
[BlackElo "2160"]
[PlyCount "51"]
[EventDate "2006.08.19"]

1. e4 c6 2. Nf3 d5 3. exd5 cxd5 4. Ne5 Nf6 5. Bb5+ Nbd7 6. Qf3 a6 7. Bxd7+ Bxd7
8. Nxd7 Qxd7 9. d4 e6 10. O-O Qc7 11. c3 Bd6 12. h3 O-O 13. Be3 Qb6 14. Qe2
Rac8 15. Rc1 Bb8 16. Rc2 Ne4 17. Nd2 f5 18. f4 g5 19. Nxe4 fxe4 20. Qg4 Rf5 21.
h4 h5 22. Qxh5 gxf4 23. Qg6+ Kf8 24. Rf1 Ke7 25. g4 Rf7 26. Qg5+ 1/2-1/2

[Event "XXVI Festival Conca della Presolana A"]
[Site "Bratto - Castione della Presolana ITA"]
[Date "2006.08.23"]
[Round "5"]
[White "Gazzarri, Alberto"]
[Black "Nardi, Marco"]
[Result "1/2-1/2"]
[WhiteElo "2143"]
[BlackElo "2045"]
[PlyCount "45"]
[EventDate "2006.08.19"]

1. e4 c5 2. c3 d6 3. d4 Nf6 4. Bd3 e5 5. Nf3 Nc6 6. d5 Ne7 7. Nbd2 Ng6 8. g3
Be7 9. Bb5+ Nd7 10. h4 h6 11. h5 Ngf8 12. Nh4 Bxh4 13. Rxh4 Nh7 14. Nc4 Qf6 15.
Qg4 a6 16. Nxd6+ Qxd6 17. Qxg7 Qf6 18. Bxd7+ Bxd7 19. Bxh6 Ke7 20. d6+ Qxd6 21.
Rd1 Qf6 22. Qxf6+ Nxf6 23. Bg7 1/2-1/2

[Event "XXVI Festival Conca della Presolana A"]
[Site "Bratto - Castione della Presolana ITA"]
[Date "2006.08.23"]
[Round "5"]
[White "Godena, Michele"]
[Black "Guido, Flavio"]
[Result "1/2-1/2"]
[WhiteElo "2528"]
[BlackElo "2323"]
[PlyCount "59"]
[EventDate "2006.08.19"]

1. e4 c5 2. Nf3 Nc6 3. Bb5 d6 4. d4 cxd4 5. Qxd4 Bd7 6. Bxc6 Bxc6 7. c4 f5 8.
exf5 Qa5+ 9. Nc3 Qxf5 10. Nd5 e5 11. Qd1 Qe4+ 12. Be3 Bxd5 13. cxd5 Nf6 14. O-O
Qxd5 15. Qa4+ Qc6 16. Qb3 Qd5 17. Qa4+ Qc6 18. Qb3 Qd5 19. Qa3 Be7 20. Rac1 O-O
21. Rc7 Bd8 22. Rcc1 Ne4 23. Qa4 b5 24. Qa6 Rf7 25. Rc8 Rxc8 26. Qxc8 Rf8 27.
Qa6 Rf7 28. Qc8 Rf8 29. Qa6 Rf7 30. Qc8 1/2-1/2

[Event "XXVI Festival Conca della Presolana A"]
[Site "Bratto - Castione della Presolana ITA"]
[Date "2006.08.23"]
[Round "5"]
[White "Johansson, Alexander"]
[Black "Pantaleoni, Claudio"]
[Result "1/2-1/2"]
[WhiteElo "1921"]
[BlackElo "2222"]
[PlyCount "65"]
[EventDate "2006.08.19"]

1. d4 Nf6 2. Nf3 e6 3. Bg5 h6 4. Bh4 c5 5. e3 b6 6. Be2 Bb7 7. O-O Be7 8. c4
O-O 9. Nbd2 d6 10. Qc2 Nbd7 11. Rfd1 Rc8 12. Rac1 a6 13. Qb1 cxd4 14. exd4 d5
15. Ne5 dxc4 16. Bxc4 Nd5 17. Bxd5 Rxc1 18. Rxc1 Bxd5 19. Bxe7 Qxe7 20. Ne4
Nxe5 21. dxe5 Qb4 22. Ng3 Qd4 23. Re1 Rc8 24. b3 g6 25. Re2 h5 26. h3 Rc3 27.
Ne4 Bxe4 28. Qxe4 Rc1+ 29. Kh2 Qd1 30. Qa8+ Kg7 31. Qf3 h4 32. Qf6+ Kg8 33. Re1
1/2-1/2

[Event "XXVI Festival Conca della Presolana A"]
[Site "Bratto - Castione della Presolana ITA"]
[Date "2006.08.23"]
[Round "5"]
[White "Lanzani, Mario"]
[Black "Salvador, Roland"]
[Result "1/2-1/2"]
[WhiteElo "2331"]
[BlackElo "2420"]
[PlyCount "87"]
[EventDate "2006.08.19"]

1. d4 d5 2. Nf3 Nf6 3. c4 c6 4. cxd5 cxd5 5. Nc3 Nc6 6. Bf4 e6 7. e3 Bd6 8. Bg3
O-O 9. Bd3 a6 10. O-O Bxg3 11. hxg3 b5 12. e4 b4 13. exd5 exd5 14. Na4 Bg4 15.
Rc1 Nxd4 16. Bxh7+ Nxh7 17. Qxd4 Bxf3 18. gxf3 Ng5 19. Qd3 Qf6 20. f4 Ne6 21.
Nb6 Nxf4 22. gxf4 Qxb6 23. Qxd5 Rad8 24. Rc6 Qb7 25. Qc4 Qd7 26. Rg6 Rc8 27.
Qb3 Qf5 28. Rxa6 Rfd8 29. Qf3 Rd3 30. Ra5 Qxa5 31. Qxd3 Qxa2 32. Qd7 Ra8 33.
Rc1 Ra6 34. Rc5 Qb1+ 35. Kg2 Qe4+ 36. Kg3 Rg6+ 37. Rg5 Re6 38. Qd8+ Re8 39. Qf6
g6 40. Re5 Qd3+ 41. Kg2 Rxe5 42. Qxe5 Qc4 43. Kg3 Kh7 44. Qf6 1/2-1/2

[Event "XXVI Festival Conca della Presolana A"]
[Site "Bratto - Castione della Presolana ITA"]
[Date "2006.08.23"]
[Round "5"]
[White "Lapenna, Antonio"]
[Black "Sbarra, Marco"]
[Result "0-1"]
[WhiteElo "2079"]
[BlackElo "2290"]
[PlyCount "114"]
[EventDate "2006.08.19"]

1. e4 e5 2. Nf3 Nc6 3. d4 exd4 4. Nxd4 Nf6 5. Nxc6 bxc6 6. e5 Qe7 7. Qe2 Nd5 8.
c4 Ba6 9. b3 g6 10. g3 Bg7 11. Bb2 O-O 12. Bg2 Rae8 13. O-O Bxe5 14. Qxe5 Qxe5
15. Bxe5 Rxe5 16. f4 Re3 17. cxd5 Bxf1 18. Kxf1 cxd5 19. Nd2 c6 20. Re1 Rfe8
21. Nf3 Rxe1+ 22. Nxe1 Re3 23. Bf3 a5 24. Kf2 Re7 25. Nd3 f6 26. a3 Kf7 27. b4
axb4 28. axb4 Re8 29. g4 Ra8 30. Ke3 Ra3 31. h4 Ke6 32. Be2 d6 33. Kd4 Ra2 34.
Bf3 Rc2 35. g5 c5+ 36. bxc5 Rc4+ 37. Ke3 dxc5 38. Bg4+ Kf7 39. Bf3 Ke6 40. Bg4+
f5 41. Bf3 Rc2 42. Be2 c4 43. Ne5 d4+ 44. Kf3 d3 45. Bd1 Rc1 46. Ba4 Kd5 47.
Ke3 Kc5 48. Be8 Re1+ 49. Kd2 Re2+ 50. Kd1 Re4 51. Bxg6 hxg6 52. Nxg6 c3 53. Ne5
d2 54. Kc2 Re1 55. Nd3+ Kd4 56. Nf2 Rc1+ 57. Kb3 c2 0-1

[Event "XXVI Festival Conca della Presolana A"]
[Site "Bratto - Castione della Presolana ITA"]
[Date "2006.08.23"]
[Round "5"]
[White "Meng, Jean-Philippe"]
[Black "Ranieri, Fabrizio"]
[Result "0-1"]
[WhiteElo "2058"]
[BlackElo "2227"]
[PlyCount "50"]
[EventDate "2006.08.19"]

1. e4 e6 2. d3 d5 3. Qe2 Be7 4. Nf3 Nf6 5. e5 Nfd7 6. g3 c5 7. Bg2 Nc6 8. O-O
b5 9. c4 bxc4 10. dxc4 Ba6 11. b3 dxc4 12. Nbd2 Nb6 13. Nxc4 O-O 14. Rd1 Qc7
15. Qe4 Nxc4 16. bxc4 Rad8 17. Bf4 Na5 18. Rdc1 Rb8 19. Bd2 Rfd8 20. h4 Rd7 21.
Bxa5 Qxa5 22. Rd1 Qa4 23. Rxd7 Qxd7 24. Bf1 Rb2 25. Bd3 g6 0-1

[Event "XXVI Festival Conca della Presolana A"]
[Site "Bratto - Castione della Presolana ITA"]
[Date "2006.08.23"]
[Round "5"]
[White "Miatello, Alberto"]
[Black "Sala, Sergio"]
[Result "1-0"]
[WhiteElo "2082"]
[BlackElo "1902"]
[PlyCount "67"]
[EventDate "2006.08.19"]

1. e4 Nf6 2. e5 Nd5 3. c4 Nb6 4. b3 d5 5. exd6 exd6 6. d4 Be7 7. Nf3 Bf5 8. Bd3
Bxd3 9. Qxd3 O-O 10. O-O Nc6 11. Bb2 d5 12. c5 Nd7 13. Nc3 Nf6 14. Rfe1 Re8 15.
Qb5 Qc8 16. b4 h6 17. Qa4 a6 18. Rad1 Qf5 19. Ne5 Na7 20. Qb3 c6 21. f3 Nb5 22.
Ne2 Rad8 23. a4 Nc7 24. g4 Qh7 25. Ng3 Nd7 26. Nf5 g6 27. Nxc6 bxc6 28. Nxe7+
Kf8 29. Nxc6 Rc8 30. Ne5 Nf6 31. b5 axb5 32. axb5 Nxb5 33. Qxb5 Rb8 34. Qe2 1-0

[Event "XXVI Festival Conca della Presolana A"]
[Site "Bratto - Castione della Presolana ITA"]
[Date "2006.08.23"]
[Round "5"]
[White "Milazzo, Mario"]
[Black "Pulvirenti, Gianni"]
[Result "1-0"]
[WhiteElo "2110"]
[BlackElo "1970"]
[PlyCount "75"]
[EventDate "2006.08.19"]

1. e4 g6 2. d4 Bg7 3. Nc3 c6 4. g3 d6 5. a4 a5 6. Bg2 Nf6 7. Nge2 Qc7 8. O-O
O-O 9. h3 e5 10. Be3 Na6 11. Qd2 Nb4 12. Rad1 Be6 13. f4 Rad8 14. f5 Bc8 15.
Qc1 Rfe8 16. g4 d5 17. dxe5 Nxe4 18. Nxe4 dxe4 19. f6 Bf8 20. Bf4 Nd5 21. Bh2
Qb6+ 22. Kh1 e3 23. Rd3 Nb4 24. Qxe3 Qxe3 25. Rxe3 Nxc2 26. Rc3 Nb4 27. Nc1 Rd2
28. Nb3 Rxb2 29. Nxa5 Ra2 30. Nc4 Rxa4 31. Nb6 Ra2 32. Nxc8 Rxc8 33. e6 Bh6 34.
Rc4 Rb2 35. Rd4 Nd5 36. Bxd5 cxd5 37. Rxd5 Rb6 38. e7 1-0

[Event "XXVI Festival Conca della Presolana A"]
[Site "Bratto - Castione della Presolana ITA"]
[Date "2006.08.23"]
[Round "5"]
[White "Mola, Pietro"]
[Black "Novelli, Cristiano"]
[Result "1/2-1/2"]
[WhiteElo "2279"]
[BlackElo "2145"]
[PlyCount "83"]
[EventDate "2006.08.19"]

1. Nf3 d6 2. d4 Nd7 3. e4 g6 4. Bc4 e6 5. O-O Bg7 6. Nc3 Ne7 7. Be3 a6 8. a4 b6
9. Qd2 Bb7 10. Bh6 O-O 11. Bxg7 Kxg7 12. Rfe1 h6 13. Rad1 Rh8 14. Qe3 g5 15.
Bf1 Ng6 16. Ne2 Nf6 17. Ng3 Nf4 18. c4 Kg8 19. h3 N4h5 20. Nxh5 Nxh5 21. Nh2
Qe7 22. b4 Bc6 23. a5 Nf6 24. e5 Ne8 25. d5 Ba4 26. Ra1 b5 27. exd6 Nxd6 28.
Qc3 h5 29. c5 Ne8 30. Qe3 Ng7 31. Bd3 Bb3 32. Bh7+ Kxh7 33. Qxb3 Rad8 34. Rad1
Rhe8 35. dxe6 Nxe6 36. Rxd8 Rxd8 37. Qc2+ Kg7 38. Nf1 Qd7 39. Ng3 Nf4 40. Qe4
Qd5 41. Qxd5 Rxd5 42. Re7 1/2-1/2

[Event "XXVI Festival Conca della Presolana A"]
[Site "Bratto - Castione della Presolana ITA"]
[Date "2006.08.23"]
[Round "5"]
[White "Nardelli, Marco"]
[Black "Ferro, Mario"]
[Result "0-1"]
[WhiteElo "2123"]
[BlackElo "2238"]
[PlyCount "118"]
[EventDate "2006.08.19"]

1. e4 g6 2. d4 Bg7 3. Nc3 c6 4. Nf3 d5 5. h3 Nh6 6. Bd3 O-O 7. O-O f6 8. Qe2
Nf7 9. Rd1 a6 10. a4 Re8 11. a5 e6 12. Be3 Nd7 13. Qd2 Qe7 14. Re1 Qd6 15. Bf1
Qb4 16. exd5 exd5 17. Na4 Bf8 18. Qxb4 Bxb4 19. Bd2 Rxe1 20. Rxe1 Bf8 21. Bf4
Nd6 22. Bd3 Kf7 23. c3 Be7 24. b4 Rb8 25. Nc5 b6 26. axb6 Rxb6 27. Nd2 Nb5 28.
Bxb5 cxb5 29. Ndb3 g5 30. Bh2 Nf8 31. g4 f5 32. gxf5 Bxf5 33. Kg2 Rh6 34. Re3
Ng6 35. Bg3 Bxh3+ 36. Kf3 Bc8 37. Nc1 g4+ 38. Kg2 Bg5 39. Re1 Bd2 40. Rd1 Nf4+
41. Bxf4 Bxf4 42. N1d3 Bg5 43. Nb3 Bf5 44. Ndc5 Rh3 45. Ra1 Rxc3 46. Rxa6 Bc2
47. Na5 Bd1 48. Nc6 Bf3+ 49. Kg3 Be2+ 50. Kg2 Bf4 51. Ne5+ Bxe5 52. dxe5 Rh3
53. e6+ Kg7 54. f4 gxf3+ 55. Kf2 Rh2+ 56. Ke1 Bc4 57. Ra7+ Kg6 58. Rf7 Re2+ 59.
Kd1 f2 0-1